000 00568nam a2200217 a 4500
999 _c9218
_d9218
001 9218
003 BD-JhCC
005 20180311104642.0
008 180311s1961 p |||| || | 000 0 eng d
035 _a(BD-JhCC)9218
040 _aBD-JhCC
_dBD-JhCC
041 _aeng
082 _a400
_bALL 1961
100 _aAllen, W. Stannard
245 _aLiving English Structure for Schools /
_cW. Stannard Allen,
260 _aKarachi :
_bAllies Book Corporation,
_c1961
300 _a184 p. :
_c18 cm.
650 _aEnglish Language
942 _2ddc
_cBK